An Evaluation of Customers' Satisfaction with the Quality of ATM Services at Equity Bank in Kisii County (Record no. 216036)

MARC details
000 -LEADER
fixed length control field 00658nam a22001577a 4500
008 - FIXED-LENGTH DATA ELEMENTS--GENERAL INFORMATION
fixed length control field 250813b |||||||| |||| 00| 0 eng d
050 ## - LIBRARY OF CONGRESS CALL NUMBER
Classification number THE HG 1616 .C87 O532
Item number C.4
100 ## - MAIN ENTRY--PERSONAL NAME
Personal name Onchangu, Selina Anne
245 ## - TITLE STATEMENT
Title An Evaluation of Customers' Satisfaction with the Quality of ATM Services at Equity Bank in Kisii County
260 ## - PUBLICATION, DISTRIBUTION, ETC.
Place of publication, distribution, etc. Kisii
Name of publisher, distributor, etc. Kisii University
Date of publication, distribution, etc. 2012
300 ## - PHYSICAL DESCRIPTION
Extent xii, 48p.:ill.
500 ## - GENERAL NOTE
General note Includes bibliographical references
650 ## - SUBJECT ADDED ENTRY
Topical term or geographic name entry element 1. Automated teller machines—Kenya. 2. Customer satisfaction—Kenya. 3. Banks and banking—Kenya. 4. Consumer behavior—Kenya—Kisii County.
942 ## - ADDED ENTRY ELEMENTS (KOHA)
Source of classification or shelving scheme Library of Congress Classification
Koha item type Reference
Holdings
Withdrawn status Lost status Source of classification or shelving scheme Damaged status Not for loan Collection Home library Current library Date acquired Inventory number Total checkouts Full call number Barcode Date last seen Copy number Price effective from Koha item type
    Library of Congress Classification     Special Research Kisii University Library Kisii University Library 08/13/2025 109468   THE HG 1616 .C87 O532 000000023524 08/13/2025 C.4 08/13/2025 Reference